000 00375nam a2200157Ia 4500
008 230711s9999||||xx |||||||||||||| ||und||
041 _aENG
082 _a720
_bRI-P
100 _aRitter,P
245 0 _aPlanning for man and motor
250 _a1st
260 _c1964
_aNew Delhi
_bOxford University Press
300 _a384
650 _aMechanical Engineering
942 _cBK
999 _c1955
_d1955